000 00321nam a22001337a 4500
008 171019b xxu||||| |||| 00| 0 eng d
020 _a0131854712
041 _aeng
080 _27 ED
_a338
100 _a54
101 _aMEN
245 _aINFORMATION SYSTEMS MANAGEMENT IN PRACTICE
_cMCNURLIN.B.C
942 _2udc
_cBK
999 _c34998
_d34998